<?xml version="1.0" encoding="UTF-8"?>
<record
    xmlns:xsi="http://www.w3.org/2001/XMLSchema-instance"
    xsi:schemaLocation="http://www.loc.gov/MARC21/slim http://www.loc.gov/standards/marcxml/schema/MARC21slim.xsd"
    xmlns="http://www.loc.gov/MARC21/slim">

  <leader>00678nam a22001937a 4500</leader>
  <controlfield tag="003">OSt</controlfield>
  <controlfield tag="005">20260623100121.0</controlfield>
  <controlfield tag="008">260623b        |||||||| |||| 00| 0 eng d</controlfield>
  <datafield tag="040" ind1=" " ind2=" ">
    <subfield code="c">Chuka univ ersity</subfield>
  </datafield>
  <datafield tag="050" ind1=" " ind2=" ">
    <subfield code="a">THE RA 652.3M</subfield>
    <subfield code="b">.N38 2025</subfield>
  </datafield>
  <datafield tag="100" ind1=" " ind2=" ">
    <subfield code="a">Wanza Aliciah Nduku</subfield>
    <subfield code="9">30660</subfield>
  </datafield>
  <datafield tag="245" ind1=" " ind2=" ">
    <subfield code="a">modelling the impact of vaccination and treatment on malaria transmission dynamics among children below five years</subfield>
  </datafield>
  <datafield tag="260" ind1=" " ind2=" ">
    <subfield code="a">chuka-kenya</subfield>
    <subfield code="b">chuka university</subfield>
    <subfield code="c">2025</subfield>
  </datafield>
  <datafield tag="300" ind1=" " ind2=" ">
    <subfield code="a">88p</subfield>
  </datafield>
  <datafield tag="650" ind1=" " ind2=" ">
    <subfield code="a">1. malaria......mathematica model</subfield>
    <subfield code="9">30661</subfield>
  </datafield>
  <datafield tag="650" ind1=" " ind2=" ">
    <subfield code="a">2. vaccination ......mathematical model</subfield>
    <subfield code="9">30662</subfield>
  </datafield>
  <datafield tag="650" ind1=" " ind2=" ">
    <subfield code="a">3. children under five....health</subfield>
    <subfield code="9">30663</subfield>
  </datafield>
  <datafield tag="942" ind1=" " ind2=" ">
    <subfield code="2">lcc</subfield>
    <subfield code="c">THE</subfield>
    <subfield code="n">0</subfield>
  </datafield>
  <datafield tag="952" ind1=" " ind2=" ">
    <subfield code="0">0</subfield>
    <subfield code="1">0</subfield>
    <subfield code="2">lcc</subfield>
    <subfield code="4">0</subfield>
    <subfield code="7">1</subfield>
    <subfield code="8">T&amp;D</subfield>
    <subfield code="a">CHG</subfield>
    <subfield code="b">PG</subfield>
    <subfield code="c">GEN</subfield>
    <subfield code="d">2026-06-23</subfield>
    <subfield code="l">0</subfield>
    <subfield code="o">THE RA 652.3.M3 .N38 2025</subfield>
    <subfield code="p">30690/2025</subfield>
    <subfield code="r">2026-06-23 10:03:26</subfield>
    <subfield code="t">C.3</subfield>
    <subfield code="w">2026-06-23</subfield>
    <subfield code="y">THE</subfield>
  </datafield>
  <datafield tag="952" ind1=" " ind2=" ">
    <subfield code="0">0</subfield>
    <subfield code="1">0</subfield>
    <subfield code="2">lcc</subfield>
    <subfield code="4">0</subfield>
    <subfield code="7">1</subfield>
    <subfield code="8">T&amp;D</subfield>
    <subfield code="a">EMB</subfield>
    <subfield code="b">PG</subfield>
    <subfield code="c">GEN</subfield>
    <subfield code="d">2026-06-23</subfield>
    <subfield code="l">0</subfield>
    <subfield code="o">THE RA 652.3.M3 .N38 2025</subfield>
    <subfield code="p">30691/2025</subfield>
    <subfield code="r">2026-06-23 10:03:26</subfield>
    <subfield code="t">C.2</subfield>
    <subfield code="w">2026-06-23</subfield>
    <subfield code="y">THE</subfield>
  </datafield>
  <datafield tag="952" ind1=" " ind2=" ">
    <subfield code="0">0</subfield>
    <subfield code="1">0</subfield>
    <subfield code="2">lcc</subfield>
    <subfield code="4">0</subfield>
    <subfield code="7">1</subfield>
    <subfield code="8">T&amp;D</subfield>
    <subfield code="a">EMB</subfield>
    <subfield code="b">CHK</subfield>
    <subfield code="c">GEN</subfield>
    <subfield code="d">2026-06-23</subfield>
    <subfield code="l">0</subfield>
    <subfield code="o">THE RA 652.3.M3 .N38 2025</subfield>
    <subfield code="p">30689/2025</subfield>
    <subfield code="r">2026-06-23 10:03:26</subfield>
    <subfield code="t">C.1</subfield>
    <subfield code="w">2026-06-23</subfield>
    <subfield code="y">THE</subfield>
  </datafield>
  <datafield tag="999" ind1=" " ind2=" ">
    <subfield code="c">24968</subfield>
    <subfield code="d">24968</subfield>
  </datafield>
</record>
